Úspech Programu celoživotného vzdelávania 2007-2013 : Grundtvig : Comenius : Leonadro da Vinci : Erasmus

Bibliographic Details
Format: Book
Language:Slovak
PhysicalDescription:61 s. fareb. fotogr., grafy, tab. 21 cm
Published: Bratislava SAAIC-Slovenská akademická asociácia pre medzinárodnú spoluprácu 2013
ISBN:9788089517077 (brož.)
Edition:[1. vyd.]
Subjects:

MARC

LEADER 00000cam a2200000 a 4500
001 vtls010575984
003 SK-MaSNL
005 20260426002741.0
008 160610s2013 xo oda g 000 0 slo
015 |a SNBA2014/03 
020 |a 9788089517077 (brož.) 
035 |a D56B9411-5586-49B9-84B5-793785B55BC5 
035 |a urn:nbn:sk:snk-amkzxj 
035 |a urn:nbn:sk:snk-am008okr 
040 |a SNK  |b slo  |c SNK  |e AACR2 
041 0 |a slo 
043 |a e-xo--- 
044 |a xo  |c SK 
072 7 |a 37  |x Výchova a vzdelávanie  |2 konspekt 
080 |a 37.0-022.324  |2 2001 
080 |a (048.8)  |2 2001 
080 |a 37.014.5  |2 2001 
080 |a 371.214  |2 2001 
080 |a (437.6)  |2 2001 
245 0 0 |a Úspech Programu celoživotného vzdelávania  |b 2007-2013 : Grundtvig : Comenius : Leonadro da Vinci : Erasmus 
250 |a [1. vyd.] 
260 |a Bratislava  |b SAAIC-Slovenská akademická asociácia pre medzinárodnú spoluprácu  |c 2013 
300 |a 61 s.  |b fareb. fotogr., grafy, tab.  |c 21 cm 
630 0 7 |a Program celoživotného vzdelávania (vzdelávací program)  |2 SNKKPH  |9 604136 
630 0 7 |a Grundtvig (program)  |2 SNKPH  |9 604137 
630 0 7 |a Comenius ( program)  |2 SNKPH  |9 604138 
630 0 7 |a Leonardo da Vinci (vzdelávací program)  |2 SNKPH  |9 604139 
630 0 7 |a Erasmus (program)  |2 SNKPH  |9 417768 
648 7 |a 2007-2013  |2 SNKPH  |9 328536 
650 0 7 |a celoživotné vzdelávanie  |2 SNKPH  |9 28858 
650 0 7 |a Permanent education  |2 SNKPHeng  |9 270154 
650 0 7 |a vzdelávacia politika  |2 SNKPH  |9 3199 
650 0 7 |a vzdelávacie programy  |2 SNKPH  |9 4069 
650 0 7 |a Educational policy  |2 SNKPHeng  |9 323687 
650 0 7 |a Educational programs  |2 SNKPHeng  |9 314422 
651 7 |a Slovensko  |2 SNKPH  |9 14231 
651 7 |a Slovakia  |2 SNKPHeng  |9 92630 
655 7 |a prehľady  |2 SNKPH  |9 70194 
655 7 |a Surveys  |2 SNKPHeng  |9 266058 
852 |a Štátna vedecká knižnica v Banskej Bystrici 
919 |a 978-80-89517-07-7 
999 |c 926432  |d 928362 
952 |a SNK  |b SNK  |y PREZ  |7 0  |p 17A1104555  |o snkSC 158235  |i snk2014/4712  |8 0  |0 0  |1 0  |4 0  |d 2014-02-17  |f 1  |l 0  |r 2025-08-20 00:00:00  |w 2026-02-24 
952 |a SNK  |b SNK  |y VYP  |7 0  |p 17A1104554  |o snkSC 158235 D1  |i snk2014/4713  |8 0  |0 0  |1 0  |4 0  |d 2014-02-17  |l 0  |r 2026-02-24 08:32:48  |w 2026-02-24